| 000 | 00753nam a2200193 i 4500 | ||
|---|---|---|---|
| 001 | 32336 | ||
| 003 | ES-MaACL | ||
| 005 | 20230910063043.0 | ||
| 007 | t| | ||
| 008 | 030131s1903 sp ||||1| spa d | ||
| 100 | 1 |
_aBenito y Endara, Lorenzo, _d1855-1932 _927698 |
|
| 245 | 1 | 3 |
_aEl derecho de asociación _b: conclusiones presentadas para la discusión en la Sección de Ciencias Morales y Políticas del Ateneo Barcelonés / _cpor Lorenzo Benito y Endara. |
| 260 |
_aBarcelona : _b[s.n.], _c1903 ( _fTip. La Academica) |
||
| 300 |
_a20 p. ; _c24 cm. |
||
| 650 | 0 | 4 |
_aLibertad de asociación- _zEspaña. _914402 |
| 710 | 2 |
_aAteneu Barcelonès. _92060 |
|
| 852 |
_aES-MaACL _jT-164-F-9 _z.- Ded. manuscrita del autor |
||
| 999 |
_c32336 _d32336 |
||